000 00762nam a2200241Ia 4500
005 20260430150520.0
008 008 250103s9999 xx 000 0 eng d
037 _aTheses
040 _aCRL
040 _beng
040 _ceng
041 _2eng
041 _aeng
084 _qCRL
100 _aSunita Kumari Au.; Shah Ali Akbar Gu.
_91237730
245 0 _aSeham Rajputana dar tarveej zuban-o-adbiyat Farsi az qaran 17 aali 19 m (Contribution of Rajputana in promotion of Persian language adn Literature from 17th to 19th century)
260 _c2023
300 _a286p.
650 _aPersian Language; Persian Literature
_9868515
700 _aUniversity of Delhi. Faculty of Arts. Dept. of Persian
942 _cTH
999 _c1849969
_d1849969